00735 2200241 4500001002100000005001700021008004100038020001800079035002400097082001000121090002000131245006500151250001800216260006600234300003000300500007900330650001000409700001900419850001500438980001300453985000600466999002100472YOGYA-0209000005490120090227033430.0 ind  a979-9246-55-5 0010-020900000054901 a746.4 a746.4bLarlDEP aCORAK dan ragi tenun melayu RiaucH.A. Abdul Malik...[et.al] aEd. 1, cet. 1 aYogyakartabBalai Kajian dan Pengembangan Budaya Melayuc2003 axxi, 220 hlmbilusc24 cm aBekerjasama dengan penerbit Adicita Karya NusabBibliografi : hlm. 219-220 aTenun aAbdul Malik. H aYOPDYOG(M) a22-04-04 a1 a2003-367hCb-D.11